[Event "It (b)"]
[Site "masterchessopen.com Amsterdam (Netherlands)"]
[Round "0"]
[White "Scheeren Peter (NED)"]
[Black "Baljon Christofoor (NED)"]
[Result "0-1"]
[WhiteElo "2360"]
[BlackElo "2340"]

1.d4 Nf6 2.c4 g6 3.Nc3 Bg7 4.e4 d6 5.Nf3 O-O 6.Be2 e5 7.O-O Nc6 8.d5 Ne7 9.b4
Nh5 10.c5 f5 11.Qb3 b6 12.exf5 e4 13.Nh4 Nxf5 14.Nxf5 Bxf5 15.Bxh5 gxh5 16.Bb2
Qg5 17.Kh1 e3 18.fxe3 Bd3 19.Rg1 Rf2 20.Nd1 Qxg2+ {#R} 0-1

[Event "It (b)"]
[Site "masterchessopen.com Gausdal (Norway)"]
[Date "2007.04.18"]
[Round "1"]
[White "Cox John J (ENG)"]
[Black "Bentsen Oyvind (NOR)"]
[Result "1-0"]
[WhiteElo "2386"]
[BlackElo "2115"]

1.d4 Nf6 2.c4 g6 3.Nc3 d6 4.e4 Bg7 5.Be2 O-O 6.Nf3 e5 7.O-O Nc6 8.d5 Ne7 9.b4
Nh5 10.Re1 f5 11.Ng5 Nf6 12.Bf3 c6 13.Bb2 cxd5 14.cxd5 Qb6 15.Qb3 fxe4
16.Ncxe4 Kh8 17.Nxd6 Qxd6 18.Bxe5 Qd8 19.d6 Nf5 20.Nf7+ Rxf7 21.Qxf7 Nxd6
22.Bxd6 Qxd6 23.Re7 Bh6 24.Rd1 Qb6 25.Rd8+ {#r} 1-0

[Event "It (b)"]
[Site "masterchessopen.com Serpukhov (Russia)"]
[Date "2004.08.28"]
[Round "3"]
[White "Chasovnikova Eugenia (RUS)"]
[Black "Hansen Alexei Cherstiouk (DEN)"]
[Result "1-0"]
[WhiteElo "2296"]
[BlackElo "2047"]

1.d4 g6 2.c4 Bg7 3.Nc3 Nf6 4.e4 d6 5.Nf3 O-O 6.Be2 e5 7.O-O Nc6 8.d5 Ne7 9.b4
Nh5 10.Re1 f5 11.Ng5 Nf4 12.Bxf4 exf4 13.Rc1 Kh8 14.Bf3 h6 15.Ne6 Bxe6 16.dxe6
c6 17.b5 Qa5 18.Ne2 Rad8 19.exf5 Rxf5 20.bxc6 bxc6 21.Nd4 Rc5 22.Nb3 Qb4
23.Nxc5 Qxc5 24.Rb1 Be5 25.Rb7 {#r} 1-0

[Event "It (b)"]
[Site "masterchessopen.com Serpukhov (Russia)"]
[Date "2004.08.29"]
[Round "5"]
[White "Chasovnikova Eugenia (RUS)"]
[Black "Hansen Lars-Henrik Bech (DEN)"]
[Result "0-1"]
[WhiteElo "2296"]
[BlackElo "2050"]

1.d4 g6 2.c4 Nf6 3.Nc3 Bg7 4.e4 d6 5.Nf3 O-O 6.Be2 e5 7.O-O Nc6 8.d5 Ne7 9.b4
Nh5 10.Re1 Nf4 11.Bf1 h6 12.c5 f5 13.Bxf4 exf4 14.e5 g5 15.cxd6 cxd6 16.exd6
Ng6 17.Rc1 Qxd6 18.a3 a6 19.Nd4 Bxd4 20.Qxd4 Bd7 21.Nd1 f3 22.g3 f4 23.Nb2
fxg3 24.hxg3 Nf4 25.Qc5 Qg6 26.Re7 {#R} 0-1

[Event "It (cat.1)"]
[Site "masterchessopen.com Ekaterinburg (Russia)"]
[Date "2007.10.14"]
[Round "11"]
[White "Kuznetsov Gennady (RUS)"]
[Black "Pogosian Vladimir (ARM)"]
[Result "1-0"]
[WhiteElo "2310"]
[BlackElo "2255"]

1.d4 Nf6 2.Nf3 g6 3.c4 Bg7 4.Nc3 O-O 5.e4 d6 6.Be2 e5 7.O-O Nc6 8.d5 Ne7 9.b4
Nh5 10.Re1 f5 11.Ng5 Nf6 12.Bf3 c6 13.b5 h6 14.Ne6 Bxe6 15.dxe6 Qa5 16.Bb2
fxe4 17.Nxe4 Nxe4 18.Rxe4 d5 19.Rxe5 Bxe5 20.Bxe5 Rad8 21.Qc1 Kh7 22.cxd5 Qxb5
23.Rb1 Qa6 24.d6 Rfe8 25.dxe7 Rc8 26.Bd6 {#r} 1-0

[Event "It (cat.1) (a)"]
[Site "masterchessopen.com Budapest (Hungary)"]
[Date "2008.11.11"]
[Round "11"]
[White "Lengyel Bela (HUN)"]
[Black "Konnyu Janos (HUN)"]
[Result "0-1"]
[WhiteElo "2309"]
[BlackElo "2316"]

1.d4 Nf6 2.c4 g6 3.Nc3 Bg7 4.e4 d6 5.Nf3 O-O 6.Be2 e5 7.O-O Nc6 8.d5 Ne7 9.b4
Nh5 10.c5 Nf4 11.Bxf4 exf4 12.Rc1 h6 13.a4 g5 14.Nd2 Ng6 15.Nc4 Re8 16.cxd6
cxd6 17.Nb5 Rxe4 18.Bd3 Rxc4 19.Bxc4 Ne5 20.Be2 g4 21.Rxc8 Rxc8 22.Bxg4 Rc4
23.Nxa7 Qg5 24.f3 Nxg4 {#R} 0-1

[Event "It (cat.16)"]
[Site "masterchessopen.com Poikovsky (Russia)"]
[Round "6"]
[White "Pelletier Yannick (SUI)"]
[Black "Obodchuk Andrei (RUS)"]
[Result "1-0"]
[WhiteElo "2589"]
[BlackElo "2439"]

{ Pelletier Yannick (SUI) +7 =8 -2 Obodchuk Andrei (RUS) +0 =0 -1 } 1.c4 { 1 }
1...Nf6 2.Nc3 g6 3.e4 d6 4.d4 Bg7 5.Nf3 O-O 6.Be2 e5 7.O-O Nc6 8.d5 Ne7 9.b4 (
9.Bg5 Nh5 10.Ne1 Nf4 11.Nd3 Nxe2+ 12.Qxe2 h6 13.Be3 f5 14.f3 f4 15.Bf2 g5
16.c5 Ng6 17.Rfc1 Rf7 18.Rc2 h5 19.Rac1 Bd7 20.a4 a6 21.c6 bxc6 22.dxc6 Be6
23.b4 g4 24.Kh1 Nh4 25.Ne1 Bf6 26.Nd5 Rg7 27.b5 gxf3 28.Nxf6+ Qxf6 { ...1-0,
Pelletier Yannick 2571 - Nataf Igor-Alexandre 2545 , France 2002 Ch France
(team) 2002 } ) 9...Nh5 10.Re1 f5 11.Ng5 Nf6 12.Bf3 c6 { ?/= } 13.Qb3 cxd5 { }
( 13...h6 14.Ne6 Bxe6 15.dxe6 Qc8 16.Rd1 Rd8 17.b5 Qxe6 18.Ba3 Kh8 19.bxc6
Nxc6 20.exf5 gxf5 21.Bd5 Qe7 22.Nb5 Ne8 23.Rab1 Rac8 24.Qe3 b6 25.Qf3 Qd7
26.Qh3 a6 27.Nc3 Nd4 28.Rxb6 Qe7 29.Bc1 Qf6 30.Rxa6 Nc7 31.Ra7 Qg6 32.Bb7 Rb8
33.Rd3 { ...1-0, Bacrot Etienne 2671 - Radjabov Teimour 2624 , Bled 2002
Olympiad } ) ( 13...Kh8 14.Rd1 fxe4 15.Ncxe4 cxd5 16.cxd5 Nf5 17.Bb2 Nxe4
18.Nxe4 Nh4 19.Be2 Rf4 20.f3 Qb6+ 21.Kh1 Bf5 22.Bd3 Rf8 23.Bc1 Nxg2 24.Kxg2
Rxf3 25.Qc4 Rxd3 26.Rxd3 Rc8 27.Qxc8+ Bxc8 28.Bd2 Bf5 29.Re1 Qb5 30.Rde3 Qxd5
31.Bc3 Bh6 32.R3e2 Qd3 33.Ba1 { ...0-1, Bacrot Etienne 2653 - Kasimdzhanov
Rustam 2674 , Moscow 2002 It "Grand Prix" (active) } ) 14.exd5 { N } ( 14.cxd5
fxe4 15.Ncxe4 Nxe4 16.Bxe4 Nf5 17.Ne6 Bxe6 18.dxe6 Qe7 19.Bb2 Kh8 20.Rad1 Rad8
21.Rd3 Rfe8 22.Bd5 Bf6 23.Qa4 a6 24.b5 axb5 25.Qxb5 Ng7 26.Qxb7 Qxb7 27.Bxb7
Rb8 28.Rb3 Nxe6 29.Bd5 Nf4 30.Rd1 Nxd5 31.Rxd5 Rxb3 32.axb3 Rb8 33.Rxd6 Rxb3 {
...1/2-1/2, Vasilevich Tatjana 2415 - Wang Pin 2465 , Bled 2002 Olympiad (w) }
) 14...Kh8 { ?! } ( 14...e4 { !? } 15.Be2 h6 16.Ne6 Bxe6 { } ) 15.Bb2 b6 { ?!
} ( 15...Ne8 { !? } 16.g3 Nc7 17.Bg2 Ng8 { } ) 16.Rad1 { ?! } ( 16.Ne6 { !? }
16...Bxe6 17.dxe6 e4 18.Be2 { } ) 16...Ne8 17.c5 bxc5 18.bxc5 e4 19.cxd6 Nxd6
20.Be2 Qb6 { ?! } ( 20...h6 { !? } 21.Ne6 Bxe6 22.dxe6 Rb8 { } ) 21.Nb5 Rb8 {
? } ( { ? } 21...Bd7 22.Nxd6 Qxd6 23.Ne6 Bxe6 { } ) 22.Ba3 Be5 { ?! } (
22...Nxb5 { !? } 23.Bxe7 h6 24.d6 hxg5 { } ) 23.Rb1 Qd8 24.Qh3 h5 25.Ne6 { ??
} ( { ? } 25.Nxd6 Rxb1 26.Rxb1 Qxd6 27.Bxd6 { } ) 25...Bxe6 26.Qe3 { ?? } ( {
? } 26.dxe6 Nxb5 27.Bxb5 Bf6 28.Qe3 { } ) {#r} 1-0

[Event "It (cat.3)"]
[Site "masterchessopen.com Grenoble (France)"]
[Date "2004.06.20"]
[Round "2"]
[White "Silva Sebastain (CHI)"]
[Black "Aguettaz Maxime (FRA)"]
[Result "1-0"]
[WhiteElo "2333"]
[BlackElo "2349"]

1.d4 Nf6 2.c4 g6 3.Nc3 Bg7 4.e4 d6 5.Be2 O-O 6.Nf3 e5 7.O-O Nc6 8.d5 Ne7 9.b4
a5 10.Ba3 c6 11.dxc6 Nxc6 12.b5 Nd4 13.Nxd4 exd4 14.Qxd4 Nxe4 15.Qxe4 Bxc3
16.Rad1 Bb4 17.Bb2 Bc5 18.Bf3 Be6 19.Qf4 g5 20.Qc1 Rb8 21.Rfe1 Bb4 22.Re5 h6
23.a3 Bd7 24.Re2 Bc5 25.Bd5 Kh7 26.Qc2+ {#r} 1-0

[Event "It (cat.8)"]
[Site "masterchessopen.com Alushta (Ukraine)"]
[Date "2005.10.04"]
[Round "12"]
[White "Truskavetsky Alexandr (UKR)"]
[Black "Loskutov Oleg (RUS)"]
[Result "1-0"]
[WhiteElo "2409"]
[BlackElo "2426"]

1.d4 Nf6 2.c4 g6 3.Nc3 Bg7 4.e4 d6 5.Nf3 O-O 6.Be2 e5 7.O-O Nc6 8.d5 Ne7 9.b4
c6 10.dxc6 bxc6 11.Bg5 Be6 12.Qd2 Qc7 13.Rac1 Rfd8 14.Bxf6 Bxf6 15.Nd5 Bxd5
16.cxd5 Qb7 17.dxc6 Nxc6 18.Qd5 Rac8 19.Bb5 {#r} 1-0

[Event "It (cat.8)"]
[Site "masterchessopen.com Chicago (USA)"]
[Date "2005.04.18"]
[Round "5"]
[White "Goletiani Rusudan (USA)"]
[Black "Chow Albert (USA)"]
[Result "1-0"]
[WhiteElo "2358"]
[BlackElo "2215"]

1.Nf3 d6 2.d4 Nf6 3.c4 g6 4.Nc3 Bg7 5.e4 O-O 6.Be2 e5 7.O-O Nc6 8.d5 Ne7 9.b4
a5 10.bxa5 Rxa5 11.Nd2 Nd7 12.Nb3 Ra8 13.a4 b6 14.a5 Bb7 15.Be3 f5 16.f3 Nc5
17.Qc2 Qd7 18.Rfb1 Rfb8 19.Nxc5 bxc5 20.a6 Bc8 21.Rxb8 Rxb8 22.a7 Ra8 23.Qb3
c6 24.Qb8 Qb7 25.Rb1 Qxa7 26.Qxd6 {#r} 1-0

[Event "It (cat.8)"]
[Site "masterchessopen.com Moscow (Russia)"]
[Round "0"]
[White "Iskusnyh Sergei (RUS)"]
[Black "Zaitsev Igor A (RUS)"]
[Result "1-0"]
[WhiteElo "2460"]
[BlackElo "2435"]

1.d4 Nf6 2.c4 d6 3.Nc3 g6 4.e4 Bg7 5.Be2 O-O 6.Nf3 e5 7.O-O Nc6 8.d5 Ne7 9.b4
a5 10.Ba3 b6 11.bxa5 Rxa5 12.Bb4 Ra8 13.a4 Ne8 14.Qb3 Nf6 15.Rfd1 Nd7 16.a5
Nc5 17.Qc2 bxa5 18.Bxa5 Bd7 19.Nb5 Bxb5 20.cxb5 Qd7 21.Bb4 Nxe4 {#r} 1-0

[Event "It (cat.8)"]
[Site "masterchessopen.com Novaya Ladoga (Russia)"]
[Round "7"]
[White "Popov Valerij (RUS)"]
[Black "Gusev Leonid (UKR)"]
[Result "1-0"]
[WhiteElo "2579"]
[BlackElo "2146"]

1.d4 Nf6 2.Nf3 g6 3.c4 Bg7 4.Nc3 O-O 5.e4 d6 6.Be2 e5 7.O-O Nc6 8.d5 Ne7 9.b4
Ne8 10.c5 f5 11.Nd2 Kh8 12.a4 Ng8 13.f3 Rf7 14.Nc4 f4 15.c6 b6 16.a5 Rb8
17.axb6 axb6 18.Qa4 Qg5 19.Rf2 b5 20.Qa7 bxc4 21.Qxb8 Ne7 22.Bxc4 Rf8 23.Nb5
{#r} 1-0

[Event "It (cat.9)"]
[Site "masterchessopen.com Aars (Denmark)"]
[Round "5"]
[White "Ostenstad Berge (NOR)"]
[Black "Fedorov Alexei (BLR)"]
[Result "0-1"]
[WhiteElo "2446"]
[BlackElo "2659"]

1.d4 Nf6 2.Nf3 g6 3.c4 Bg7 4.Nc3 d6 5.e4 O-O 6.Be2 e5 7.O-O Nc6 8.d5 Ne7 9.b4
Nh5 10.Re1 a5 11.Ba3 Nf4 12.Bf1 Bg4 13.bxa5 f5 14.Bb4 c5 15.dxc6 Nxc6 16.Bxd6
Nd4 17.Bxf8 Nh3+ 18.gxh3 Bxf3 19.Qc1 f4 20.h4 Qxh4 21.h3 Qg5+ 22.Kh2 Bxe4 {#R}
0-1

[Event "It (cat.9)"]
[Site "masterchessopen.com Ashkhabad (Turkmenistan)"]
[Round "10"]
[White "Simonenko Sergei (TKM)"]
[Black "Aliev Kerim (TKM)"]
[Result "1-0"]
[WhiteElo "2365"]
[BlackElo "2205"]

1.d4 Nf6 2.Nf3 g6 3.c4 Bg7 4.Nc3 O-O 5.e4 d6 6.Be2 e5 7.O-O Nc6 8.d5 Ne7 9.b4
Ne8 10.c5 h6 11.Nd2 f5 12.f3 f4 13.Nc4 g5 14.a4 Ng6 15.Ba3 Rf7 16.b5 Bf8 17.b6
cxb6 18.cxd6 Nxd6 19.Nxd6 Bxd6 20.Bxd6 Qxd6 21.Nb5 Qd8 22.d6 Rg7 23.Nc7 Rb8
24.Bc4+ Kh8 25.Ne6 Bxe6 26.Bxe6 {#r} 1-0

[Event "It (open)"]
[Site "masterchessopen.com Ajka (Hungary)"]
[Round "0"]
[White "Shabtai Ran (ISR)"]
[Black "Vincze Otto (HUN)"]
[Result "1-0"]
[WhiteElo "2246"]
[BlackElo "1906"]

1.d4 Nf6 2.c4 g6 3.Nc3 Bg7 4.e4 d6 5.Nf3 O-O 6.Be2 Nc6 7.O-O e5 8.d5 Ne7 9.b4
Nd7 10.c5 f5 11.c6 Nf6 12.cxb7 Bxb7 13.Ng5 Bc8 14.f3 f4 15.a4 h6 16.Ne6 Bxe6
17.dxe6 g5 18.Ba3 Qe8 19.Nb5 Qg6 20.Nxc7 Nc6 21.e7 Nd4 22.Bc4+ Kh8 23.exf8=Q+
Rxf8 24.Nb5 {#r} 1-0

[Event "It (open)"]
[Site "masterchessopen.com Albacete (Spain)"]
[Round "8"]
[White "Garcia Trobat Francisco (ESP)"]
[Black "Larios Crespo Manuel (ESP)"]
[Result "1-0"]
[WhiteElo "2291"]
[BlackElo "2025"]

1.d4 Nf6 2.c4 g6 3.Nc3 Bg7 4.e4 d6 5.Nf3 O-O 6.Be2 e5 7.O-O Nc6 8.d5 Ne7 9.b4
a5 10.Ba3 Nd7 11.bxa5 Rxa5 12.Bb4 Ra8 13.a4 f5 14.Nd2 Nf6 15.c5 f4 16.Nc4 Ne8
17.Nb5 Rf6 18.Qb3 g5 19.Rfc1 g4 20.Nxc7 Nxc7 21.cxd6 Ncxd5 22.dxe7 Nxe7
23.Nxe5+ Kf8 24.Rd1 Qc7 25.Rac1 Qxe5 26.Rd8# 1-0

[Event "It (open)"]
[Site "masterchessopen.com Albacete (Spain)"]
[Round "6"]
[White "Bolado Saez Sergio (ESP)"]
[Black "Garcia Gata Jorge D (ESP)"]
[Result "1-0"]
[WhiteElo "2351"]
[BlackElo "2021"]

1.c4 Nf6 2.Nc3 g6 3.Nf3 Bg7 4.e4 d6 5.d4 O-O 6.Be2 Nc6 7.O-O e5 8.d5 Ne7 9.b4
a5 10.Ba3 Nh5 11.bxa5 Rxa5 12.Bb4 Ra8 13.Re1 f5 14.Nd2 Nf6 15.c5 fxe4 16.Ndxe4
Nxe4 17.Nxe4 Rf4 18.f3 dxc5 19.Bxc5 b6 20.Bxe7 Qxe7 21.d6 cxd6 22.Qd5+ Be6
23.Qxa8+ Rf8 24.Qa3 {#r} 1-0

[Event "It (open)"]
[Site "masterchessopen.com Albacete (Spain)"]
[Date "2004.09.01"]
[Round "1"]
[White "Gamundi Salamanca Antonio (ESP)"]
[Black "Rueda Delgado Fernando (ESP)"]
[Result "1-0"]
[WhiteElo "2439"]
[BlackElo "1991"]

1.d4 Nf6 2.c4 g6 3.Nc3 Bg7 4.e4 d6 5.Nf3 O-O 6.Be2 e5 7.O-O Nc6 8.d5 Ne7 9.b4
Nd7 10.a4 f5 11.Ng5 Nf6 12.Bf3 f4 13.Ba3 Re8 14.b5 c6 15.c5 dxc5 16.d6 h6
17.Qb3+ Kf8 18.Qf7# 1-0

[Event "It (open)"]
[Site "masterchessopen.com Albena (Bulgaria)"]
[Date "2009.06.25"]
[Round "6"]
[White "Kopasov Evgeny (RUS)"]
[Black "Kacakovski Dimitar (MKD)"]
[Result "0-1"]
[WhiteElo "2074"]
[BlackElo "2190"]

1.d4 Nf6 2.c4 g6 3.Nc3 Bg7 4.e4 d6 5.Nf3 O-O 6.Be2 e5 7.O-O Nc6 8.d5 Ne7 9.b4
Nh5 10.c5 f5 11.Qb3 fxe4 12.Nxe4 Nf4 13.Bxf4 Rxf4 14.cxd6 cxd6 15.Nfd2 Nf5
16.Bd3 Nd4 17.Qa3 b5 18.Nc3 Bf5 19.Nde4 Rc8 20.Rfe1 Qh4 21.f3 Rxf3 22.gxf3
Nxf3+ 23.Kf1 Qxh2 24.Nf2 Bxd3+ {#R} 0-1

[Event "It (open)"]
[Site "masterchessopen.com Amsterdam (Netherlands)"]
[Date "2006.07.18"]
[Round "4"]
[White "Cox John J (ENG)"]
[Black "Doggers Peter (NED)"]
[Result "1-0"]
[WhiteElo "2414"]
[BlackElo "2252"]

1.d4 Nf6 2.c4 g6 3.Nc3 Bg7 4.e4 d6 5.Nf3 O-O 6.Be2 e5 7.O-O Nc6 8.d5 Ne7 9.b4
a5 10.Ba3 b6 11.bxa5 Nh5 12.g3 f5 13.exf5 gxf5 14.Ng5 Nf6 15.Qb3 Rxa5 16.Bb4
Ra8 17.a4 Kh8 18.Rfd1 f4 19.a5 Nf5 20.axb6 Rxa1 21.Rxa1 Nd4 22.Qd1 c6 23.Ra8
Nxd5 24.b7 {#r} 1-0

[Event "It (open)"]
[Site "masterchessopen.com Arad (Romania)"]
[Date "2011.08.08"]
[Round "5"]
[White "Muller Vilhelm (ROM)"]
[Black "Rusan Paul (ROM)"]
[Result "0-1"]
[WhiteElo "2011"]
[BlackElo "2248"]

1.c4 Nf6 2.Nc3 g6 3.e4 d6 4.d4 Bg7 5.Be2 O-O 6.Nf3 e5 7.O-O Nc6 8.d5 Ne7 9.b4
a5 10.Ba3 axb4 11.Bxb4 Re8 12.c5 dxc5 13.Bxc5 b6 14.Be3 Ng4 15.Bg5 f6 16.Bd2
Nh6 17.Qc1 Nf7 18.Nb5 Ba6 19.Re1 Qd7 20.a4 Nd6 21.Qb1 Nec8 22.Rc1 Bxb5 23.axb5
Rxa1 24.Qxa1 Nxe4 25.Bb4 {#R} 0-1

[Event "It (open)"]
[Site "masterchessopen.com Aschach (Austria)"]
[Round "2"]
[White "Schneider-Zinner Harald (AUT)"]
[Black "Erlacher Michael (AUT)"]
[Result "1-0"]
[WhiteElo "2358"]
[BlackElo "2198"]

1.d4 Nf6 2.c4 g6 3.Nc3 Bg7 4.e4 d6 5.Nf3 O-O 6.Be2 e5 7.O-O Nc6 8.d5 Ne7 9.b4
Nh5 10.Re1 f5 11.Ng5 Nf4 12.Bxf4 exf4 13.Rc1 h6 14.Ne6 Bxe6 15.dxe6 Kh7 16.Bf3
Bxc3 17.Rxc3 Rb8 18.c5 dxc5 19.Rd3 Qe8 20.bxc5 fxe4 21.Bxe4 c6 22.Rd7 Kg8
23.Qd6 Nf5 24.Qe5 Ne7 25.Qc7 {#r} 1-0

[Event "It (open)"]
[Site "masterchessopen.com Asuncion (Paraguay)"]
[Round "5"]
[White "Recalde Ariel (PAR)"]
[Black "Benitez Jose Rodolfo (PAR)"]
[Result "0-1"]
[WhiteElo "2000"]
[BlackElo "1800"]

1.Nf3 Nf6 2.c4 d6 3.d4 g6 4.Nc3 Bg7 5.e4 O-O 6.Be2 e5 7.O-O Nc6 8.d5 Ne7 9.b4
Nh5 10.g3 f5 11.Ng5 Nf6 12.Bf3 h6 13.Ne6 Bxe6 14.dxe6 Nh7 15.Nd5 c6 16.Ne3 Ng5
17.Bg2 f4 18.Nc2 f3 {#R} 0-1

[Event "It (open)"]
[Site "masterchessopen.com Athens (Greece)"]
[Round "5"]
[White "Genova Ruzka (BUL)"]
[Black "Balabaev Farit (KAZ)"]
[Result "0-1"]
[WhiteElo "2240"]
[BlackElo "2052"]

1.d4 Nf6 2.Nf3 g6 3.c4 Bg7 4.Nc3 d6 5.e4 O-O 6.Be2 e5 7.O-O Nc6 8.d5 Ne7 9.b4
Nh5 10.Re1 Nf4 11.Bf1 a5 12.bxa5 Rxa5 13.a4 b6 14.Ra3 f5 15.Nd2 fxe4 16.Ndxe4
Nf5 17.Nb5 Nh6 18.Bd2 Ra8 19.a5 Bf5 20.axb6 Rxa3 21.Nxa3 cxb6 22.Qb3 Bxe4
23.Rxe4 Ng4 24.f3 Qh4 {#R} 0-1

[Event "It (open)"]
[Site "masterchessopen.com Augsburg (Germany)"]
[Date "1997.08.09"]
[Round "4"]
[White "Zenetti Michael (GER)"]
[Black "Klundt Klaus (GER)"]
[Result "0-1"]
[WhiteElo "1940"]
[BlackElo "2360"]

1.d4 Nf6 2.c4 g6 3.Nc3 Bg7 4.e4 O-O 5.Nf3 d6 6.Be2 e5 7.O-O Nc6 8.d5 Ne7 9.b4
Nh5 10.Re1 a5 11.Ba3 b6 12.b5 Nf4 13.Bf1 f5 14.Bc1 fxe4 15.Nxe4 Bg4 16.a4 Bxf3
17.gxf3 h6 18.Ra3 Qd7 19.Kh1 Rf7 20.Bxf4 Rxf4 21.Bg2 Raf8 22.Ng3 Rxc4 23.Re4
Rxe4 24.Nxe4 Kh7 25.f4 Rxf4 26.Rh3 Rxe4 {#R} 0-1

[Event "It (open)"]
[Site "masterchessopen.com Augsburg (Germany)"]
[Round "6"]
[White "Schnalzger Klaus (GER)"]
[Black "Ostertag Hans (GER)"]
[Result "1-0"]
[WhiteElo "2141"]
[BlackElo "2046"]

1.d4 Nf6 2.c4 g6 3.Nc3 Bg7 4.e4 d6 5.Nf3 O-O 6.Be2 e5 7.O-O Nc6 8.d5 Ne7 9.b4
a5 10.Ba3 axb4 11.Bxb4 b6 12.a4 Nh5 13.Re1 Nf4 14.Bf1 f5 15.Nd2 Kh8 16.g3 Nh5
17.a5 bxa5 18.Bxa5 Bd7 19.Ra3 Ng8 20.exf5 Bxf5 21.Nb5 Qf6 22.f3 Rf7 23.Bg2 Bh6
24.Nf1 e4 25.Bc3 {#r} 1-0

[Event "It (open)"]
[Site "masterchessopen.com Avoine (France)"]
[Date "2005.07.29"]
[Round "7"]
[White "Equey Daniel (FRA)"]
[Black "Laurent Michel (BEL)"]
[Result "0-1"]
[WhiteElo "1817"]
[BlackElo "2033"]

1.d4 Nf6 2.c4 g6 3.Nc3 Bg7 4.e4 d6 5.Be2 O-O 6.Nf3 e5 7.O-O Nc6 8.d5 Ne7 9.b4
Nh5 10.Re1 f5 11.Ng5 Nf6 12.Bf3 c6 13.Be3 cxd5 14.cxd5 h6 15.Ne6 Bxe6 16.dxe6
fxe4 17.Bxe4 d5 18.Bc5 Nxe4 19.Nxe4 dxe4 20.Rxe4 Qxd1+ 21.Rxd1 Rfd8 22.Rd7
Rxd7 23.exd7 Rd8 {#R} 0-1

[Event "It (open)"]
[Site "masterchessopen.com Bad Wiessee (Germany)"]
[Round "4"]
[White "Herms Axel (GER)"]
[Black "Gossmann Ewald (GER)"]
[Result "1-0"]
[WhiteElo "2039"]
[BlackElo "1969"]

1.d4 Nf6 2.c4 g6 3.Nc3 Bg7 4.Nf3 d6 5.e4 e5 6.Be2 O-O 7.O-O Nc6 8.d5 Ne7 9.b4
a5 10.Qb3 axb4 11.Qxb4 Nxe4 12.Nxe4 f5 13.Nc3 c5 14.Qb3 e4 15.Nd2 {#r} 1-0

[Event "It (open)"]
[Site "masterchessopen.com Bad Wiessee (Germany)"]
[Round "1"]
[White "Epishin Vladimir (GER)"]
[Black "Henrichsen Jens (DEN)"]
[Result "1-0"]
[WhiteElo "2567"]
[BlackElo "2046"]

1.d4 Nf6 2.c4 g6 3.Nc3 Bg7 4.e4 d6 5.Nf3 O-O 6.Be2 e5 7.O-O Nc6 8.d5 Ne7 9.b4
Nh5 10.Qc2 a5 11.bxa5 c5 12.dxc6 bxc6 13.Rd1 Qc7 14.Be3 Rxa5 15.Rab1 c5 16.Nb5
Qc6 17.Rxd6 Qa8 18.a3 Bb7 19.Nd2 Nf4 20.Bf3 Nc8 21.Bxf4 exf4 22.Rd3 f5 23.Nc7
Qa7 24.Ne6 Bxe4 25.Nxf8 Bxd3 26.Qxd3 {#r} 1-0

[Event "It (open)"]
[Site "masterchessopen.com Bad Wiessee (Germany)"]
[Date "2001.10.29"]
[Round "3"]
[White "Stauch Edgar (GER)"]
[Black "Brunner Gerhard (AUT)"]
[Result "1-0"]
[WhiteElo "2238"]
[BlackElo "1962"]

1.c4 Nf6 2.Nc3 g6 3.e4 d6 4.d4 Bg7 5.Nf3 O-O 6.Be2 e5 7.O-O Nc6 8.d5 Ne7 9.b4
a5 10.Ba3 axb4 11.Bxb4 b6 12.a4 Ne8 13.Qb3 f5 14.a5 c5 15.dxc6 Nxc6 16.c5+ Kh8
17.cxb6 Nd4 18.Qa2 fxe4 19.Nxd4 exd4 20.Nxe4 d3 21.Bxd3 d5 22.Bxf8 Bxa1
23.Qxa1+ Kg8 24.Bh6 dxe4 25.Bc4+ {#r} 1-0

[Event "It (open)"]
[Site "masterchessopen.com Bad Wiessee (Germany)"]
[Date "2001.11.04"]
[Round "9"]
[White "Kipper Jens (GER)"]
[Black "Meyer Hartmut (GER)"]
[Result "1-0"]
[WhiteElo "2320"]
[BlackElo "2145"]

1.Nf3 Nf6 2.c4 g6 3.Nc3 Bg7 4.e4 O-O 5.d4 d6 6.Be2 e5 7.O-O Nc6 8.d5 Ne7 9.b4
Ne8 10.c5 a5 11.cxd6 Nxd6 12.b5 c6 13.dxc6 bxc6 14.Ba3 Nxb5 15.Nxb5 cxb5
16.Qxd8 Rxd8 17.Bxe7 {#r} 1-0

[Event "It (open)"]
[Site "masterchessopen.com Bad Wiessee (Germany)"]
[Date "2008.11.06"]
[Round "6"]
[White "Korsus Bernd (GER)"]
[Black "Pena Gomez Manuel (ESP)"]
[Result "0-1"]
[WhiteElo "2272"]
[BlackElo "2467"]

1.d4 Nf6 2.c4 g6 3.Nc3 Bg7 4.e4 d6 5.Nf3 O-O 6.Be2 e5 7.O-O Nc6 8.d5 Ne7 9.b4
Nh5 10.Ne1 Nf4 11.Nd3 f5 12.f3 a5 13.bxa5 Rxa5 14.Rb1 g5 15.Nf2 Nxe2+ 16.Qxe2
f4 17.Rb5 Ra8 18.Nd3 b6 19.g4 fxg3 20.Bxg5 Bh3 21.Rc1 gxh2+ 22.Kxh2 Qe8
23.Bxe7 Qxe7 24.Kxh3 Qg5 25.f4 Qh6+ 26.Kg2 exf4 {#R} 0-1

[Event "It (open)"]
[Site "masterchessopen.com Bad Wildbad (Germany)"]
[Round "1"]
[White "Epishin Vladimir (GER)"]
[Black "Sikorsky Horst (GER)"]
[Result "1-0"]
[WhiteElo "2567"]
[BlackElo "2123"]

1.d4 Nf6 2.c4 g6 3.Nc3 Bg7 4.e4 d6 5.Nf3 O-O 6.Be2 e5 7.O-O Nc6 8.d5 Ne7 9.b4
Kh8 10.a4 Nfg8 11.c5 dxc5 12.bxc5 f5 13.Nd2 fxe4 14.Ndxe4 Nf6 15.Bc4 Nf5
16.Re1 Nd4 17.Nxf6 Bxf6 18.Bh6 Re8 19.Ne4 Bf5 20.Nxf6 Qxf6 21.Bc1 Bc2 22.Qg4
Rf8 23.Qg3 e4 24.Ra2 {#r} 1-0

[Event "It (open)"]
[Site "masterchessopen.com Bad Woerishofen (Germany)"]
[Round "4"]
[White "Kekelidze Mikheil (GEO)"]
[Black "Schuette Manfred (GER)"]
[Result "1-0"]
[WhiteElo "2477"]
[BlackElo "2297"]

1.d4 Nf6 2.Nf3 g6 3.c4 Bg7 4.Nc3 O-O 5.e4 d6 6.Be2 e5 7.O-O Nc6 8.d5 Ne7 9.b4
Nh5 10.Qc2 Nf4 11.Bxf4 exf4 12.Rad1 h6 13.Rfe1 Bg4 14.c5 Bxf3 15.Bxf3 Be5
16.Nb5 g5 17.Bh5 a6 18.Nd4 Kh7 19.Nf3 Ng8 20.Nxe5 dxe5 21.Bg4 {#r} 1-0

[Event "It (open)"]
[Site "masterchessopen.com Bagnara Calabra (Italy)"]
[Date "2008.01.04"]
[Round "3"]
[White "Scerbo Antonio (ITA)"]
[Black "Cordi' Domenico (ITA)"]
[Result "0-1"]
[WhiteElo "2092"]
[BlackElo "2052"]

1.d4 Nf6 2.c4 g6 3.Nc3 Bg7 4.e4 d6 5.Nf3 O-O 6.Be2 e5 7.O-O Nc6 8.d5 Ne7 9.b4
a5 10.bxa5 Rxa5 11.Nd2 b6 12.Nb3 Ra8 13.Be3 Nd7 14.a4 f5 15.f3 Nc5 16.Nxc5
bxc5 17.Qc2 f4 18.Bd2 g5 19.g4 fxg3 20.hxg3 Ng6 21.Kg2 h5 22.f4 gxf4 23.Bxh5
Qg5 24.Bxg6 Qxg3+ 25.Kh1 Rf6 {#R} 0-1